Mőssbauerův jev a jeho využití /

Hlavní autor: Dlouhá, Jarmila, 1933-
Jazyk: Čeština
Vydáno: Praha : Státní nakladatelství technické literatury 1968
Vydání: 1. vyd.
Edice: Populární přednášky o fyzice
Řada teoretické literatury
Externí odkaz: Digitalizovaný dokument
Fyzický popis: 127 s. : il. ; 20 cm
Knihy
Uloženo v:
LEADER 01158nam a22003132a 4500
001 000120934
003 CZ BrMZK
005 20241112102856.0
007 ta
008 950101s1968 xr a f 000 0 cze d
015 |a cnb000449597 
035 |a (OCoLC)3482882 
040 |a BOA001  |b cze 
100 1 |a Dlouhá, Jarmila,  |d 1933-  |7 jk01022372  |4 aut 
245 1 0 |a Mőssbauerův jev a jeho využití /  |c Jarmila Dlouhá 
250 |a 1. vyd. 
260 |a Praha :  |b Státní nakladatelství technické literatury  |c 1968 
300 |a 127 s. :  |b il. ;  |c 20 cm 
490 1 |a Populární přednášky o fyzice ;  |v sv. 19. 
490 1 |a Řada teoretické literatury 
504 |a Obsahuje bibliografii 
500 |a Dostupné též v digitální podobě v aplikaci Kramerius 
830 0 |a Populární přednášky o fyzice  |0 s 
830 0 |a Řada teoretické literatury  |0 s 
856 4 1 |u http://www.digitalniknihovna.cz/mzk/uuid/uuid:80c789f0-a1c3-11ef-9d06-005056827e52  |y Digitalizovaný dokument  |x NDK 
910 |a BOA001  |b 1-0613.559 
990 |a BK 
991 |b 200905 
996 6 |b 2619969081  |c 1-0613.559  |l MZK  |r Sklad / do 1 hodiny  |n 6  |w 000120934  |u 000010  |a 1  |e BOA001  |j MZK50  |s P